000 00393nam a2200109Ia 4500
008 200302s9999 xx 000 0 und d
100 _aHawkins and H. S. Shaw
245 _aThe practical guide to waste management law : with a list of abbreviations and acronyms, useful websites and relevant legislation
260 _bThomas Telford Publishing Thomas tlford Ltd.
260 _c2004
300 _a275
999 _c6259
_d6259